VALENTINE'S DAY SPECIAL - Logos with Hearts - Statistics

General Stats
  • This quiz has been taken 30 times
  • The average score is 5 of 12
Answer Stats
Picture Answer % Correct
Pampers
79%
Airbnb
69%
iHeartRadio
66%
General Mills
62%
Burlington
45%
CVS Pharmacy
45%
Southwest
38%
Nando's
34%
GoDaddy
31%
Thomas Cook
21%
Munchkin
17%
DSWD
14%
No matching quizzes found
Score Distribution
Percent of People with Each Score
Percentile by Number Answered
Your Score History
You have not taken this quiz